000 00941nam a2200241 a 4500
001 000023295
005 20200930022123.0
008 101201s1969 mx a 000 0 spa d
040 _aDO-SdBNP
_bspa
_cBNPHU
041 1 7 _aspa
_heng
_2Código de idioma MARC
082 _a338.54
_bN333e
100 1 _aNaylon, Thomas H.
_947970
240 1 0 _aMicroeconomics and decision models of the firm.
_lEspañol.
245 1 0 _aEconomía de la empresa /
_cThomas H. Naylon, John M. Vernon ; traducción, Mauricio Kitaigorodzki.
260 _aMéxico :
_bAmorrortu editores,
_c1969.
300 _a506 p. :
_bil. ;
_c23 cm.
504 _aIncluye referencias bibliográficas y notas al pie de las páginas.
534 _pTítulo en inglés:
_tMicroeconomics and decision models of the firm
650 4 _aMicroeconomía
_xModelos matemáticos
_947971
700 1 _aVernon, John M.
_947972
700 1 _aKitaigorodzki, Mauricio,
_etr.
_947973
049 _aBNGR
999 _c22792
_d22792